[Event "Portugal tch 2012 - Fase final"]
[Site "Matosinhos POR"]
[Date "2012.06.23"]
[Round "3.5"]
[White "Padeiro, José"]
[Black "Butkiewicz, Lukasz"]
[Result "0-1"]
[WhiteElo "2354"]
[BlackElo "2402"]
[PlyCount "108"]
[EventDate "2012.07.21"]
[EventType "team"]
[EventRounds "9"]
[EventCountry "POR"]
[Source "lmi"]
[SourceDate "2012.07.21"]

1. e4 g6 2. d4 Bg7 3. h4 d5 4. e5 h5 5. c4 dxc4 6. Bxc4 Nc6 7. Ne2 Nh6 8. Bxh6
Bxh6 9. e6 Bxe6 10. Bxe6 fxe6 11. Qd3 Qd6 12. Qxg6+ Kd7 13. Qd3 Rhg8 14. O-O
Rg4 15. g3 Rag8 16. Nbc3 Kc8 17. Ne4 Qd5 18. N2c3 Qf5 19. Kg2 Rxh4 20. Rh1 Rhg4
21. Rad1 Rd8 22. Nc5 Nxd4 23. Qxf5 exf5 24. Rxh5 Bg7 25. Re1 Bf6 26. Ne2 Nxe2
27. Rxe2 Rd5 28. Ne6 Rg8 29. b3 a5 30. Nf4 Rb5 31. Ne6 c6 32. Nf4 Rd8 33. Ne6
Rd6 34. Rh6 Rbd5 35. Nf4 Rd2 36. Rxd2 Rxd2 37. Rh5 Bd4 38. Rxf5 Rxf2+ 39. Kh3
Rxa2 40. Ne6 Bb6 41. g4 Re2 42. Ng5 Re3+ 43. Rf3 Kd7 44. Kg3 Bd4 45. Kf4 Rxf3+
46. Nxf3 Bh8 47. Kf5 b5 48. Nd2 Kd6 49. g5 Kd5 50. Kg6 a4 51. bxa4 bxa4 52. Kh7
Bb2 53. g6 a3 54. Nb3 a2 0-1

[Event "Portugal tch 2012 - Fase final"]
[Site "Matosinhos POR"]
[Date "2012.06.23"]
[Round "3.5"]
[White "Taboas Rodriguez, Daniel"]
[Black "Rubio Mejía, Luis"]
[Result "1/2-1/2"]
[WhiteElo "2401"]
[BlackElo "2428"]
[PlyCount "140"]
[EventDate "2012.07.21"]
[EventType "team"]
[EventRounds "9"]
[EventCountry "POR"]
[Source "lmi"]
[SourceDate "2012.07.21"]

1. d4 Nf6 2. Nf3 e6 3. c4 Bb4+ 4. Nbd2 d5 5. a3 Be7 6. Qc2 b6 7. e4 dxe4 8.
Nxe4 Bb7 9. Bd3 Nbd7 10. O-O O-O 11. b4 h6 12. Bb2 Qc8 13. Rfe1 Re8 14. Ne5
Nxe4 15. Bxe4 Nxe5 16. dxe5 c5 17. b5 Qc7 18. Rad1 Red8 19. a4 a5 20. Kf1 Rxd1
21. Rxd1 Rd8 22. Rxd8+ Bxd8 23. Ke2 h5 24. Qd3 Bg5 25. Qf3 Bxe4 26. Qxe4 g6 27.
Bc3 Kf8 28. h3 Ke8 29. f4 Bd8 30. Be1 Kf8 31. g4 hxg4 32. hxg4 Qe7 33. Qh1 Kg8
34. Bd2 Qd7 35. Be3 Qe7 36. Qe4 Kg7 37. f5 exf5 38. gxf5 gxf5 39. Qxf5 Qe6 40.
Qe4 Be7 41. Qf4 Qg6 42. Kf3 Qe6 43. Qg4+ Kh7 44. Qe4+ Kg7 45. Ke2 Kg8 46. Bf4
Qg4+ 47. Qf3 Qe6 48. Qd3 Qg4+ 49. Ke3 Bg5 50. Bxg5 Qxg5+ 51. Ke4 Qg6+ 52. Ke3
Qg3+ 53. Ke4 Qg4+ 54. Kd5 Qe6+ 55. Ke4 f5+ 56. Kf4 Qh6+ 57. Kf3 Qh3+ 58. Ke2
Qh2+ 59. Kf3 Qh3+ 60. Ke2 Qh2+ 61. Kf3 Qxe5 62. Qd8+ Kf7 63. Qxb6 Qe4+ 64. Kf2
Qc2+ 65. Kf3 Qd3+ 66. Kf2 Qd2+ 67. Kf3 Qd3+ 68. Kf2 Qd2+ 69. Kf3 Qd3+ 70. Kf2
Qd2+ 1/2-1/2

[Event "Portugal tch 2012 - Fase final"]
[Site "Matosinhos POR"]
[Date "2012.06.24"]
[Round "4.1"]
[White "Rocha, Sérgio"]
[Black "Spraggett, Kevin"]
[Result "1/2-1/2"]
[WhiteElo "2404"]
[BlackElo "2595"]
[PlyCount "48"]
[EventDate "2012.07.21"]
[EventType "team"]
[EventRounds "9"]
[EventCountry "POR"]
[Source "lmi"]
[SourceDate "2012.07.21"]

1. c4 e5 2. Nc3 Nf6 3. g3 Nc6 4. Bg2 Bc5 5. a3 a6 6. e3 Ba7 7. Nge2 O-O 8. d3
d6 9. O-O Re8 10. b4 Ne7 11. h3 c6 12. d4 Ng6 13. c5 d5 14. a4 Bb8 15. Bd2 Bf5
16. Be1 h5 17. f3 Bc7 18. Bf2 e4 19. f4 Qd7 20. Kh2 Ne7 21. b5 g6 22. b6 Bd8
23. Rh1 Kg7 24. Kg1 Rh8 1/2-1/2

[Event "Portugal tch 2012 - Fase final"]
[Site "Matosinhos POR"]
[Date "2012.06.24"]
[Round "4.1"]
[White "Luch, Michal"]
[Black "Damaso, Rui"]
[Result "1/2-1/2"]
[WhiteElo "2426"]
[BlackElo "2365"]
[PlyCount "27"]
[EventDate "2012.07.21"]
[EventType "team"]
[EventRounds "9"]
[EventCountry "POR"]
[Source "lmi"]
[SourceDate "2012.07.21"]

1. d4 d6 2. e4 g6 3. Nc3 Nf6 4. Be3 c6 5. Qd2 b5 6. Bd3 Nbd7 7. Bh6 Bxh6 8.
Qxh6 e5 9. Nf3 Bb7 10. dxe5 dxe5 11. O-O Qe7 12. Rfd1 Ng4 13. Qd2 Nc5 14. h3
1/2-1/2

[Event "Portugal tch 2012 - Fase final"]
[Site "Matosinhos POR"]
[Date "2012.06.24"]
[Round "4.1"]
[White "Taboas Rodriguez, Daniel"]
[Black "Ulyanovskyy, Volodimir"]
[Result "1/2-1/2"]
[WhiteElo "2401"]
[BlackElo "2073"]
[PlyCount "119"]
[EventDate "2012.07.21"]
[EventType "team"]
[EventRounds "9"]
[EventCountry "POR"]
[Source "lmi"]
[SourceDate "2012.07.21"]

1. d4 Nf6 2. Nf3 e6 3. c4 b6 4. Nc3 Bb7 5. Bg5 d5 6. cxd5 exd5 7. Qa4+ Bc6 8.
Qc2 Be7 9. e3 O-O 10. Bd3 h6 11. Bf4 a6 12. O-O Bb7 13. Na4 Nc6 14. a3 Bd6 15.
Bxd6 Qxd6 16. Rac1 Nd7 17. Bh7+ Kh8 18. Bf5 g6 19. Bxd7 Qxd7 20. b4 Rac8 21.
Nc3 Qd6 22. Qb3 Kg7 23. Rc2 Rfd8 24. Rfc1 Nb8 25. Ne2 Nd7 26. Rc3 Nf6 27. Qc2
Rd7 28. Ne5 Ne4 29. Nxd7 Nxc3 30. Qxc3 Qxd7 31. Nf4 Re8 32. Nd3 Re7 33. Ne5 Qa4
34. h4 h5 35. Kh2 Ba8 36. Qd3 Bb7 37. Rc3 Qe8 38. Qc2 Qd8 39. Kg1 Qd6 40. Nd3
Ba8 41. a4 Bb7 42. b5 a5 43. Ne5 Ba8 44. Nc6 Bxc6 45. Rxc6 Qd8 46. g3 Rd7 47.
Qe2 Rd6 48. Rc1 Qe7 49. Qc2 Rd7 50. Qc3 Qf6 51. Kg2 Qe6 52. Kg1 Qf6 53. Kg2 Qe6
54. Qd3 Qe7 55. Qc3 Qe6 56. Qc6 Qe7 57. Rc3 Qe8 58. Kg1 Qe7 59. Kg2 Qe8 60. Kg1
1/2-1/2

[Event "Portugal tch 2012 - Fase final"]
[Site "Matosinhos POR"]
[Date "2012.06.24"]
[Round "4.2"]
[White "Strikovic, Aleksa"]
[Black "Gonzalez Perez, Arian"]
[Result "0-1"]
[WhiteElo "2559"]
[BlackElo "2452"]
[PlyCount "90"]
[EventDate "2012.07.21"]
[EventType "team"]
[EventRounds "9"]
[EventCountry "POR"]
[Source "lmi"]
[SourceDate "2012.07.21"]

1. d4 Nf6 2. g3 d5 3. Bg2 c6 4. Nf3 Bg4 5. c4 e6 6. Nc3 Nbd7 7. Qb3 Qb6 8. c5
Qc7 9. h3 Bxf3 10. Bxf3 e5 11. e3 g6 12. Bd2 Bh6 13. Qc2 O-O 14. h4 exd4 15.
exd4 Rfe8+ 16. Kf1 Bxd2 17. Qxd2 Ne4 18. Qd3 Ndf6 19. Kg2 Re7 20. Ne2 Rae8 21.
Nf4 Qc8 22. b4 Ng4 23. Rhf1 Nh6 24. Kg1 Qf5 25. Rad1 Qf6 26. Ng2 Nf5 27. Rfe1
Nxd4 28. Qxd4 Qxf3 29. Rd3 Qf5 30. Re2 Qe5 31. Ree3 Qxd4 32. Rxd4 Nf6 33. a3
Re4 34. Rd2 Kg7 35. Rxe4 Rxe4 36. Ne3 Ng4 37. Nxg4 Rxg4 38. Kf1 Re4 39. Rd3 Kf6
40. f3 Rc4 41. Ke2 a5 42. Rb3 axb4 43. axb4 h5 44. Kd3 Kf5 45. Rb1 f6 0-1

[Event "Portugal tch 2012 - Fase final"]
[Site "Matosinhos POR"]
[Date "2012.06.24"]
[Round "4.2"]
[White "Ferreira, Jorge"]
[Black "Galego, Luis"]
[Result "1-0"]
[WhiteElo "2338"]
[BlackElo "2495"]
[PlyCount "105"]
[EventDate "2012.07.21"]
[EventType "team"]
[EventRounds "9"]
[EventCountry "POR"]
[Source "lmi"]
[SourceDate "2012.07.21"]

1. d4 Nf6 2. c4 e6 3. Nf3 Bb4+ 4. Bd2 Qe7 5. g3 O-O 6. Nc3 d5 7. Bg2 dxc4 8. a3
Bxc3 9. Bxc3 Nd5 10. Ne5 c5 11. Qa4 Nd7 12. Nxc4 a6 13. Qd1 b5 14. Na5 N7f6 15.
dxc5 Nxc3 16. bxc3 Nd5 17. Qd4 Qc7 18. Nb3 Bb7 19. O-O e5 20. Qe4 Rab8 21. Qc2
Nf6 22. Bxb7 Rxb7 23. Rfd1 a5 24. a4 Rfb8 25. c6 Ra7 26. axb5 Rxb5 27. Qd3 Rb8
28. Qd6 a4 29. Nc5 Rc8 30. Rxa4 Qxd6 31. Rxd6 Rxa4 32. Nxa4 Ne8 33. Rd5 f6 34.
Rc5 Nc7 35. Nb6 Rd8 36. e4 Kf7 37. Nd5 Rc8 38. Nxc7 Rxc7 39. Kf1 Ke6 40. Ke2
Kd6 41. Rc4 Ke7 42. Kd3 Kd8 43. f4 exf4 44. gxf4 Re7 45. Rd4+ Kc7 46. Rd7+
Rxd7+ 47. cxd7 g5 48. fxg5 fxg5 49. e5 Kxd7 50. Ke4 Ke6 51. c4 h5 52. c5 g4 53.
c6 1-0

[Event "Portugal tch 2012 - Fase final"]
[Site "Matosinhos POR"]
[Date "2012.06.24"]
[Round "4.2"]
[White "Rubio Mejía, Luis"]
[Black "Vassallo Barroche, Maurício"]
[Result "0-1"]
[WhiteElo "2428"]
[BlackElo "2433"]
[PlyCount "160"]
[EventDate "2012.07.21"]
[EventType "team"]
[EventRounds "9"]
[EventCountry "POR"]
[Source "lmi"]
[SourceDate "2012.07.21"]

1. d4 Nf6 2. c4 d6 3. Nc3 g6 4. Nf3 Bg7 5. e4 O-O 6. Be2 e5 7. O-O Na6 8. d5
Nc5 9. Qc2 a5 10. Bg5 h6 11. Be3 b6 12. Nd2 Bg4 13. f3 Bd7 14. b3 Nh5 15. Rfe1
Bf6 16. a3 Bg5 17. Bxg5 Qxg5 18. Bf1 Nf4 19. g3 Nh3+ 20. Bxh3 Bxh3 21. Rab1 f5
22. b4 axb4 23. axb4 Nd7 24. exf5 Bxf5 25. Nce4 Nf6 26. Rb3 Bxe4 27. Nxe4 Nxe4
28. fxe4 Rf7 29. c5 Raf8 30. cxb6 cxb6 31. Qe2 h5 32. h4 Qd8 33. Rc3 Qd7 34.
Kg2 Qa4 35. Qb2 Qb5 36. Rec1 Rf1 37. Rc8 Rxc1 38. Rxc1 Qd3 39. Qc2 Qf3+ 40. Kh2
b5 41. Qg2 Qd3 42. Kh3 Qe3 43. Rc2 Qe1 44. Rb2 Kg7 45. Kh2 Rf7 46. Qh1 Qxh1+
47. Kxh1 Rf3 48. Kg2 Re3 49. Rc2 Rxe4 50. Rc6 Rxb4 51. Rxd6 Rd4 52. Kf3 b4 53.
Rb6 Rxd5 54. Rxb4 Kf6 55. Ke4 Rd6 56. Ra4 Rb6 57. Rc4 Ke6 58. Ra4 Kd6 59. Rc4
Rb1 60. Rc8 Rb4+ 61. Kf3 Rb3+ 62. Kf2 Ke6 63. Rc4 Kd5 64. Ra4 Rc3 65. Ra6 Ke4
66. Rxg6 Rc2+ 67. Ke1 Ke3 68. Kd1 Rd2+ 69. Kc1 Rg2 70. Rg5 e4 71. Rxh5 Rxg3 72.
Rg5 Rh3 73. h5 Kd3 74. Rd5+ Ke2 75. Kc2 e3 76. Rf5 Ke1 77. Re5 e2 78. Rf5 Rh1
79. Kd3 Kd1 80. Ra5 Rh3+ 0-1

[Event "Portugal tch 2012 - Fase final"]
[Site "Matosinhos POR"]
[Date "2012.06.24"]
[Round "4.3"]
[White "Garcia - Ortega Mendez, Jose M"]
[Black "Appel, Ralf"]
[Result "1/2-1/2"]
[WhiteElo "2328"]
[BlackElo "2535"]
[PlyCount "41"]
[EventDate "2012.07.21"]
[EventType "team"]
[EventRounds "9"]
[EventCountry "POR"]
[Source "lmi"]
[SourceDate "2012.07.21"]

1. d4 Nf6 2. Nf3 e6 3. c4 Bb4+ 4. Bd2 Qe7 5. g3 Nc6 6. Bg2 Bxd2+ 7. Nbxd2 d6 8.
O-O O-O 9. e4 e5 10. d5 Nb8 11. Ne1 Bg4 12. Bf3 Bxf3 13. Qxf3 a5 14. Nd3 Nbd7
15. b3 g6 16. a3 Nh5 17. Qe2 Qg5 18. Qe3 Qe7 19. Qe2 Qg5 20. Qe3 Qe7 21. Qe2
1/2-1/2

[Event "Portugal tch 2012 - Fase final"]
[Site "Matosinhos POR"]
[Date "2012.06.24"]
[Round "4.3"]
[White "Hoffmann, Michael"]
[Black "Cabezas Ayala, Iván"]
[Result "1-0"]
[WhiteElo "2482"]
[BlackElo "2310"]
[PlyCount "57"]
[EventDate "2012.07.21"]
[EventType "team"]
[EventRounds "9"]
[EventCountry "POR"]
[Source "lmi"]
[SourceDate "2012.07.21"]

1. d4 Nf6 2. c4 g6 3. Nc3 Bg7 4. e4 d6 5. f4 O-O 6. Nf3 Na6 7. Bd3 Bg4 8. Be3
e5 9. fxe5 dxe5 10. d5 c5 11. O-O Ne8 12. Qd2 Nd6 13. Nb5 b6 14. a3 Qe7 15. b4
Rfc8 16. Nxd6 Qxd6 17. Rab1 Bf8 18. Qf2 Bxf3 19. Qxf3 Rc7 20. Bd2 Bg7 21. Qd1
Nb8 22. Qf3 Na6 23. Kh1 Rf8 24. Qd1 Rd8 25. Rf3 Qd7 26. Bc2 cxb4 27. axb4 Rxc4
28. Bd3 Qc8 29. Qf1 1-0

[Event "Portugal tch 2012 - Fase final"]
[Site "Matosinhos POR"]
[Date "2012.06.24"]
[Round "4.3"]
[White "Neves, Pedro"]
[Black "Hammes, Michael"]
[Result "1-0"]
[WhiteElo "2244"]
[BlackElo "2377"]
[PlyCount "92"]
[EventDate "2012.07.21"]
[EventType "team"]
[EventRounds "9"]
[EventCountry "POR"]
[Source "lmi"]
[SourceDate "2012.07.21"]

1. d4 e6 2. Nf3 Nf6 3. Bf4 c5 4. e3 Nc6 5. dxc5 Bxc5 6. Nbd2 d5 7. a3 O-O 8.
Bd3 Re8 9. Bg5 e5 10. b4 Bf8 11. e4 d4 12. h3 a6 13. Qe2 h6 14. Bh4 g6 15. O-O
Bg7 16. Rfb1 Qc7 17. Bg3 Nh5 18. Bh2 Nf4 19. Bxf4 exf4 20. b5 axb5 21. Rxb5 Be6
22. Qd1 Ra7 23. Qb1 Rea8 24. Qb2 Nd8 25. Nxd4 Qd6 26. N2f3 Rxa3 27. Rxa3 Qxa3
28. Qxa3 Rxa3 29. e5 Ra1+ 30. Kh2 g5 31. Be4 Bc8 32. Rc5 Ra8 33. Rc7 Rb8 34. c4
b6 35. Bd5 Bf8 36. Nb5 Bc5 37. Nd2 Bf5 38. Nd6 Bg6 39. N2e4 Bxe4 40. Nxe4 Bd4
41. Nf6+ Kg7 42. Nd7 Ne6 43. Bxe6 Ra8 44. Nf6 Bxf2 45. Rxf7+ Kg6 46. Ne4 Bd4
1-0

[Event "Portugal tch 2012 - Fase final"]
[Site "Matosinhos POR"]
[Date "2012.06.24"]
[Round "4.4"]
[White "Alvarez Fernandez, Enrique"]
[Black "Vasques, António"]
[Result "1/2-1/2"]
[WhiteElo "2369"]
[BlackElo "2214"]
[PlyCount "30"]
[EventDate "2012.07.21"]
[EventType "team"]
[EventRounds "9"]
[EventCountry "POR"]
[Source "lmi"]
[SourceDate "2012.07.21"]

1. d4 Nf6 2. Nf3 g6 3. Bf4 Bg7 4. e3 O-O 5. Be2 d6 6. h3 c5 7. c3 Be6 8. Nbd2
cxd4 9. exd4 Qb6 10. Qc1 Rc8 11. O-O Nc6 12. Be3 Qd8 13. Re1 Rab8 14. Ng5 Bf5
15. Qd1 h6 1/2-1/2

[Event "Portugal tch 2012 - Fase final"]
[Site "Matosinhos POR"]
[Date "2012.06.24"]
[Round "4.4"]
[White "Teixeira, Rafael"]
[Black "Andres Gonzalez, Ivan"]
[Result "1/2-1/2"]
[WhiteElo "2107"]
[BlackElo "2324"]
[PlyCount "74"]
[EventDate "2012.07.21"]
[EventType "team"]
[EventRounds "9"]
[EventCountry "POR"]
[Source "lmi"]
[SourceDate "2012.07.21"]

1. e4 c5 2. Nf3 d6 3. d4 cxd4 4. Qxd4 Nf6 5. e5 Nc6 6. Bb5 Qa5+ 7. Nc3 dxe5 8.
Bxc6+ bxc6 9. Nxe5 Bb7 10. Bf4 Qb6 11. Qc4 e6 12. Be3 Qb4 13. O-O-O Nd5 14. Ne4
f6 15. Bc5 Bxc5 16. Nxc5 fxe5 17. Qxb4 Nxb4 18. Nxb7 Nxa2+ 19. Kd2 Rb8 20. Ra1
Rxb7 21. Rxa2 Ke7 22. Rha1 Rd8+ 23. Ke3 Rdd7 24. b3 c5 25. Ra5 Rbc7 26. R1a4
Kf6 27. Rb5 Rd4 28. c4 Rcd7 29. g3 Rd3+ 30. Ke2 Rd2+ 31. Ke1 Rb2 32. Rxc5 Rdd2
33. Rc8 Re2+ 34. Kd1 Red2+ 35. Ke1 Re2+ 36. Kd1 Red2+ 37. Ke1 Re2+ 1/2-1/2

[Event "Portugal tch 2012 - Fase final"]
[Site "Matosinhos POR"]
[Date "2012.06.24"]
[Round "4.4"]
[White "Parreira, André"]
[Black "Rodrigues, Afonso"]
[Result "0-1"]
[WhiteElo "1786"]
[BlackElo "2167"]
[PlyCount "76"]
[EventDate "2012.07.21"]
[EventType "team"]
[EventRounds "9"]
[EventCountry "POR"]
[Source "lmi"]
[SourceDate "2012.07.21"]

1. Nf3 g6 2. d4 Bg7 3. e4 c5 4. dxc5 Qa5+ 5. c3 Qxc5 6. Be3 Qc7 7. Bd4 e5 8.
Be3 Nf6 9. Qc2 O-O 10. Bd3 d5 11. Na3 dxe4 12. Bxe4 Nxe4 13. Qxe4 Bf5 14. Qc4
Qxc4 15. Nxc4 Nc6 16. O-O-O Be6 17. Nd6 Bxa2 18. Nxb7 e4 19. Nd4 Ne5 20. b3
Nd3+ 21. Rxd3 exd3 22. Kb2 Bxd4 23. Bxd4 Bxb3 24. Kxb3 Rfb8 25. Kc4 Rxb7 26.
Kxd3 a5 27. Ra1 a4 28. c4 a3 29. Ra2 Ra4 30. Bc5 Rb2 31. Ra1 a2 32. Bd4 Ra3+
33. Ke4 f5+ 34. Ke5 Rb1 35. c5 Kf7 36. Kd6 Rd3 37. Ke5 Rxa1 38. Bxa1 Rd1 0-1

[Event "Portugal tch 2012 - Fase final"]
[Site "Matosinhos POR"]
[Date "2012.06.24"]
[Round "4.5"]
[White "Johannessen, Leif"]
[Black "Korneev, Oleg"]
[Result "1-0"]
[WhiteElo "2507"]
[BlackElo "2577"]
[PlyCount "51"]
[EventDate "2012.07.21"]
[EventType "team"]
[EventRounds "9"]
[EventCountry "POR"]
[Source "lmi"]
[SourceDate "2012.07.21"]

1. d4 d5 2. c4 e6 3. Nc3 Be7 4. cxd5 exd5 5. Bf4 c6 6. Qc2 Bd6 7. Bxd6 Qxd6 8.
e3 Ne7 9. Bd3 g6 10. f3 b6 11. Nge2 Ba6 12. O-O Bxd3 13. Qxd3 Nd7 14. e4 O-O
15. e5 Qb4 16. a3 Qc4 17. Qd2 c5 18. Rac1 cxd4 19. Ne4 Qa4 20. Nf6+ Nxf6 21.
exf6 Nf5 22. g4 Ne3 23. Rfe1 d3 24. b3 Qa5 25. Qxe3 d2 26. b4 1-0

[Event "Portugal tch 2012 - Fase final"]
[Site "Matosinhos POR"]
[Date "2012.06.24"]
[Round "4.5"]
[White "Andrade, José Manuel"]
[Black "Pereira, Ruben"]
[Result "1/2-1/2"]
[WhiteElo "2244"]
[BlackElo "2417"]
[PlyCount "63"]
[EventDate "2012.07.21"]
[EventType "team"]
[EventRounds "9"]
[EventCountry "POR"]
[Source "lmi"]
[SourceDate "2012.07.21"]

1. e4 c5 2. Nc3 e6 3. f4 a6 4. Nf3 Qc7 5. d3 b5 6. g3 Bb7 7. Bg2 Nc6 8. O-O d6
9. Be3 Nf6 10. h3 Be7 11. Ne2 d5 12. e5 Nd7 13. c3 O-O 14. d4 b4 15. g4 bxc3
16. bxc3 f6 17. Ng3 fxe5 18. fxe5 Ncxe5 19. dxe5 Nxe5 20. Nxe5 Qxe5 21. Qe1 Bd6
22. Bf2 Rxf2 23. Qxf2 Qxg3 24. Qxg3 Bxg3 25. Rab1 Bc6 26. Rb6 Bb5 27. Rf3 Bh4
28. Rxe6 Rd8 29. Bf1 c4 30. Be2 Bf6 31. Kf1 h6 32. Rb6 1/2-1/2

[Event "Portugal tch 2012 - Fase final"]
[Site "Matosinhos POR"]
[Date "2012.06.24"]
[Round "4.5"]
[White "Peña Gomez, Manuel"]
[Black "Leite, Catarina"]
[Result "1-0"]
[WhiteElo "2408"]
[BlackElo "2175"]
[PlyCount "101"]
[EventDate "2012.07.21"]
[EventType "team"]
[EventRounds "9"]
[EventCountry "POR"]
[Source "lmi"]
[SourceDate "2012.07.21"]

1. c4 e5 2. Nc3 Nc6 3. g3 g6 4. Bg2 Bg7 5. d3 d6 6. Rb1 Be6 7. b4 Qd7 8. b5 Nd8
9. Nf3 h6 10. O-O Bh3 11. Bxh3 Qxh3 12. c5 dxc5 13. Qa4 Qd7 14. Be3 b6 15. Qe4
c6 16. Nxe5 Qe6 17. f4 Ne7 18. bxc6 Ndxc6 19. Nb5 Rc8 20. Nxc6 Qxc6 21. Nxa7
Qxe4 22. dxe4 Ra8 23. Nb5 O-O 24. a3 Ra4 25. e5 Nf5 26. Bf2 g5 27. fxg5 Bxe5
28. Bxc5 Nxg3 29. Bxf8 Nxf1 30. Bd6 Nd2 31. Rb4 Rxb4 32. Bxb4 Nc4 33. gxh6 Bf4
34. Kg2 Bxh6 35. Kf3 Kh7 36. Ke4 Kg6 37. Kd5 Nb2 38. Kc6 Be3 39. Nc3 Bg1 40. h3
Kg5 41. Be7+ Kf4 42. Nd5+ Kg3 43. h4 Kg4 44. Nxb6 Bd4 45. Nd5 Nc4 46. a4 Ne5+
47. Kb5 Ng6 48. a5 Nxh4 49. Bxh4 Kxh4 50. a6 Ba7 51. Kc6 1-0

[Event "Portugal tch 2012 - Fase final"]
[Site "Matosinhos POR"]
[Date "2012.06.25"]
[Round "5.1"]
[White "Korneev, Oleg"]
[Black "Rocha, Sérgio"]
[Result "1-0"]
[WhiteElo "2577"]
[BlackElo "2404"]
[PlyCount "81"]
[EventDate "2012.07.21"]
[EventType "team"]
[EventRounds "9"]
[EventCountry "POR"]
[Source "lmi"]
[SourceDate "2012.07.21"]

1. e4 c6 2. d4 d5 3. e5 Bf5 4. Nf3 e6 5. Be2 Ne7 6. O-O Nd7 7. Nh4 Bg6 8. Nd2
Nf5 9. Nxg6 hxg6 10. Nf3 Be7 11. c3 Nf8 12. a4 Nh7 13. g4 Nh4 14. Nxh4 Bxh4 15.
f4 Be7 16. a5 a6 17. b4 Nf8 18. Bd3 f5 19. Ra2 Qc7 20. Rg2 O-O-O 21. Rf3 Rh7
22. Be3 Bh4 23. Kf1 Nd7 24. Rh3 Rdh8 25. g5 Nf8 26. c4 Kd7 27. b5 dxc4 28. b6
Qc8 29. Bxc4 Ke7 30. Rc2 Qd8 31. Bc1 Kf7 32. Rd3 Rh5 33. d5 cxd5 34. Rxd5 Qe8
35. Rd8 Qc6 36. Bxe6+ Qxe6 37. Rc7+ Kg8 38. Rxf8+ Kh7 39. Rxh8+ Kxh8 40. Qd8+
Kh7 41. Rc8 1-0

[Event "Portugal tch 2012 - Fase final"]
[Site "Matosinhos POR"]
[Date "2012.06.25"]
[Round "5.1"]
[White "Damaso, Rui"]
[Black "Ftácnik, Lubomír"]
[Result "0-1"]
[WhiteElo "2365"]
[BlackElo "2516"]
[PlyCount "54"]
[EventDate "2012.07.21"]
[EventType "team"]
[EventRounds "9"]
[EventCountry "POR"]
[Source "lmi"]
[SourceDate "2012.07.21"]

1. Nf3 Nf6 2. g3 g6 3. b3 Bg7 4. Bb2 c5 5. c4 O-O 6. Bg2 Nc6 7. O-O Qa5 8. d3
d6 9. a3 Bd7 10. Nc3 a6 11. Qc1 Qd8 12. Nd5 e5 13. Nxf6+ Qxf6 14. Nd2 Qe7 15.
b4 Rab8 16. bxc5 dxc5 17. e3 f5 18. Qc2 g5 19. Rae1 f4 20. exf4 gxf4 21. Bd5+
Kh8 22. Nf3 Bh3 23. Bxc6 bxc6 24. Bxe5 Bxe5 25. Nxe5 Qg7 26. Qe2 Bxf1 27. Rxf1
Rfe8 0-1

[Event "Portugal tch 2012 - Fase final"]
[Site "Matosinhos POR"]
[Date "2012.06.25"]
[Round "5.1"]
[White "Pereira, Ruben"]
[Black "Ulyanovskyy, Viktor"]
[Result "1/2-1/2"]
[WhiteElo "2417"]
[BlackElo "2290"]
[PlyCount "140"]
[EventDate "2012.07.21"]
[EventType "team"]
[EventRounds "9"]
[EventCountry "POR"]
[Source "lmi"]
[SourceDate "2012.07.21"]

1. e3 g6 2. c4 c5 3. Nc3 Bg7 4. g3 Nc6 5. Bg2 e5 6. Nge2 d6 7. Nd5 Nge7 8. Nec3
O-O 9. O-O Nxd5 10. Nxd5 a6 11. d3 Rb8 12. Bd2 b5 13. cxb5 axb5 14. b4 Nxb4 15.
Bxb4 cxb4 16. Nxb4 Bd7 17. Qb3 Kh8 18. Rac1 f5 19. Nc6 Bxc6 20. Rxc6 f4 21. e4
fxg3 22. hxg3 Rb6 23. Rc2 h5 24. Rfc1 Qf6 25. Re2 h4 26. gxh4 Qxh4 27. Qe6 Qg5
28. Re3 Rb7 29. Rh3+ Bh6 30. Rc8 Rbf7 31. Rg3 Qf6 32. Qxf6+ Rxf6 33. Rxf8+ Bxf8
34. d4 exd4 35. Rd3 Bg7 36. Rh3+ Kg8 37. Rb3 Rf8 38. Rxb5 Be5 39. Bf1 Rc8 40.
a4 Rc1 41. Kg2 Ra1 42. a5 Kg7 43. a6 Kf6 44. Rb7 Ra3 45. Rb8 Kg5 46. Rf8 Ra2
47. Rf7 Ra3 48. Rf3 Ra1 49. Bb5 Ra5 50. Rb3 Kf4 51. Rb4 d3 52. Bxd3 Ra3 53. Bb5
Ra5 54. Ra4 Rxa4 55. Bxa4 Bd4 56. Bc6 g5 57. f3 Ba7 58. Kf1 Ke3 59. Ke1 Kd3 60.
Kd1 Bb6 61. Kc1 Kc3 62. Kb1 Bf2 63. Ka2 Kb4 64. Kb2 Ka5 65. Bb7 Bd4+ 66. Kc2
Kb6 67. Kd3 Be5 68. Kc4 Bf4 69. Kd5 Be5 70. Ke6 Bf4 1/2-1/2

[Event "Portugal tch 2012 - Fase final"]
[Site "Matosinhos POR"]
[Date "2012.06.25"]
[Round "5.1"]
[White "Ulyanovskyy, Volodimir"]
[Black "Peña Gomez, Manuel"]
[Result "1-0"]
[WhiteElo "2073"]
[BlackElo "2408"]
[PlyCount "109"]
[EventDate "2012.07.21"]
[EventType "team"]
[EventRounds "9"]
[EventCountry "POR"]
[Source "lmi"]
[SourceDate "2012.07.21"]

1. e4 c5 2. Nf3 e6 3. c4 Nc6 4. Be2 Nf6 5. Nc3 Qc7 6. O-O a6 7. d4 cxd4 8. Nxd4
Nxd4 9. Qxd4 Bc5 10. Qd3 h5 11. Be3 Ng4 12. Bxg4 hxg4 13. g3 d6 14. Qe2 Bxe3
15. fxe3 Qb6 16. Rf2 Bd7 17. Qxg4 Qxe3 18. Qxg7 O-O-O 19. Qf6 Rh7 20. Rd1 Bc6
21. Qd4 Qg5 22. b4 Qh5 23. a4 f5 24. exf5 exf5 25. Nd5 Rg8 26. Rd3 Re8 27. Re3
Rxe3 28. Nxe3 Be4 29. Qxd6 Rd7 30. Qf4 Rd3 31. h4 Qg6 32. Kh2 Qe6 33. Nxf5 Rd1
34. g4 Bc6 35. Ng3 Qe1 36. Nf1 Bxa4 37. Qe3 Qxb4 38. h5 Qxc4 39. Qf4 Rd4 40.
Qf8+ Kc7 41. Qf7+ Bd7 42. Qxc4+ Rxc4 43. Ne3 Rc6 44. Kg3 Kd6 45. h6 Rc3 46. Kf4
Rc8 47. h7 Rh8 48. Rh2 Ke7 49. Kg5 Bc6 50. Kh6 Rf8 51. g5 Be4 52. g6 b5 53. g7
Rf6+ 54. Kg5 Bxh7 55. Nd5+ 1-0

[Event "Portugal tch 2012 - Fase final"]
[Site "Matosinhos POR"]
[Date "2012.06.25"]
[Round "5.2"]
[White "Vasques, António"]
[Black "Johannessen, Leif"]
[Result "0-1"]
[WhiteElo "2214"]
[BlackElo "2507"]
[PlyCount "66"]
[EventDate "2012.07.21"]
[EventType "team"]
[EventRounds "9"]
[EventCountry "POR"]
[Source "lmi"]
[SourceDate "2012.07.21"]

1. e4 c6 2. d4 d5 3. exd5 cxd5 4. Bd3 Nc6 5. c3 Nf6 6. Bf4 g6 7. h3 Bg7 8. Nf3
O-O 9. O-O Bf5 10. Bxf5 gxf5 11. Re1 Ne4 12. Na3 e6 13. Qd3 Kh8 14. Nc2 Rg8 15.
Ne3 Qf6 16. Qb5 Bh6 17. Bxh6 Qxh6 18. Kf1 Nd6 19. Qc5 Ne4 20. Qb5 Nd6 21. Qc5
Qf4 22. Ke2 Ne4 23. Qb5 Qc7 24. Kf1 a6 25. Qd3 f4 26. Nc4 f5 27. Ncd2 Qg7 28.
Nh4 Qh6 29. Ndf3 Rg7 30. Rad1 Rag8 31. a3 Na5 32. a4 Nc4 33. Re2 Rxg2 0-1

[Event "Portugal tch 2012 - Fase final"]
[Site "Matosinhos POR"]
[Date "2012.06.25"]
[Round "5.2"]
[White "Dias, Paulo"]
[Black "Sousa, Ricardo"]
[Result "1-0"]
[WhiteElo "2440"]
[BlackElo "2101"]
[PlyCount "49"]
[EventDate "2012.07.21"]
[EventType "team"]
[EventRounds "9"]
[EventCountry "POR"]
[Source "lmi"]
[SourceDate "2012.07.21"]

1. e4 d6 2. d4 Nf6 3. Nc3 g6 4. g3 Bg7 5. Bg2 O-O 6. Nge2 Nbd7 7. O-O e5 8. h3
c6 9. a4 a5 10. Kh2 exd4 11. Nxd4 Nc5 12. Re1 Re8 13. Bf4 Qb6 14. Bxd6 Qxb2 15.
e5 Bxh3 16. Bxh3 Qxc3 17. Re3 Qc4 18. Bf1 Qb4 19. Rb3 Nxb3 20. Bxb4 Nxa1 21.
exf6 axb4 22. fxg7 Rxa4 23. Bc4 b5 24. Nxb5 cxb5 25. Qd7 1-0